000 00608nam a2200229Ia 4500
003 OSt
005 20220923225010.0
006 a|||||r|||| 00| 0
007 ta
008 220922b |||||||| |||| 00| 0 hin d
024 _a254,987
037 _cTextual
040 _aARTS
_cARTS
_bhin
041 _2hin
_ahin
082 _aDelta2:864xD75,1,1, N7
100 _aचतुर्वेदी
245 0 _aसारावली
246 _aSārāvalī
260 _c1997
942 _hDelta2:864xD75,1,1, N7
_cTEXL
_2CC
999 _c375308
_d375308